MARC

LEADER 00000nam0a2200000 4500
001 366568
005 20231102011908.0
035 |a (RuTPU)RU\TPU\retro\23931 
035 |a RU\TPU\book\331098 
090 |a 366568 
100 |a 20220211d1979 m y0rusy50 ca 
101 1 |a eng  |c rus 
102 |a RU 
105 |a a j 001zy 
200 1 |a Техническая термодинамика и теплопередача  |d Engineering Thermodynamics and Heat Transfer  |e [учебное пособие]  |f В. В. Нащокин  |g пер. С. Семенова 
210 |a Москва  |c Мир  |d 1979 
215 |a 573 с.  |c ил. 
300 |a На английском языке 
320 |a Библиогр.: с. 565-566 
320 |a Имен. указ.: с. 567-568 
320 |a Предм. указ.: с. 569-573 
454 1 |0 (RuTPU)RU\TPU\book\331098  |t Техническая термодинамика и теплопередача  |o учебное пособие для вузов  |f В. В. Нащокин  |g под ред. В. С. Силецкого  |e 2-е изд., перераб. и доп.  |c Москва  |n Высшая школа  |d 1975  |p 496 с.  |a Нащокин, Владимир Васильевич 
510 1 |a Engineering Thermodynamics and Heat Transfer  |z eng 
606 1 |a Термодинамика техническая  |x (теплотехника)  |2 stltpush  |3 (RuTPU)RU\TPU\subj\68640  |9 83835 
606 1 |a Тепловые процессы в технологических системах  |2 stltpush  |3 (RuTPU)RU\TPU\subj\71724  |9 85507 
610 1 |a техническая термодинамика 
610 1 |a теплопередача 
610 1 |a идеальные газы 
610 1 |a реальные газы 
610 1 |a законы 
610 1 |a теплоемкость 
610 1 |a энтропия 
610 1 |a дифференциальные уравнения 
610 1 |a водяной пар 
610 1 |a смешение 
610 1 |a дросселирование 
610 1 |a влажный воздух 
610 1 |a компрессоры 
610 1 |a циклы 
610 1 |a конвективный теплообмен 
610 1 |a теплообмен излучением 
610 1 |a теплообменные аппараты 
610 1 |a теплоперенос 
610 1 |a массоперенос 
610 1 |a учебные пособия 
675 |a 621.1.016.7(075.8)  |v 3 
675 |a 621.1.016.4(075.8)  |v 3 
700 1 |a Нащокин  |b В. В.  |g Владимир Васильевич 
702 1 |a Семенов  |b С.  |4 730 
801 1 |a RU  |b 63413507  |c 20030421  |g PSBO 
801 2 |a RU  |b 63413507  |c 20220211  |g PSBO 
942 |c BK